قلمی نسخوں کا تحقیقی کیٹلاگ مکتبہ معروفیہ مٹیاری: خزانہ محکمہ نوادرات در سندھ آرکائیوز (Record no. 13891)
[ view plain ]
| 000 -LEADER | |
|---|---|
| fixed length control field | 00429nam a22001217a 4500 |
| 020 ## - INTERNATIONAL STANDARD BOOK NUMBER | |
| ISBN | 9789698100902 |
| 082 ## - DEWEY DECIMAL CLASSIFICATION NUMBER | |
| Classification number | 297 |
| 100 ## - MAIN ENTRY--AUTHOR NAME | |
| Personal name | تالیف: عبدالقدیر راجپر |
| 245 ## - TITLE STATEMENT | |
| Title | قلمی نسخوں کا تحقیقی کیٹلاگ مکتبہ معروفیہ مٹیاری: خزانہ محکمہ نوادرات در سندھ آرکائیوز |
| 260 ## - PUBLICATION, DISTRIBUTION, ETC. (IMPRINT) | |
| Place of publication | Karachi Sindh |
| Name of publisher | Sindh Archives |
| 300 ## - PHYSICAL DESCRIPTION | |
| Number of Pages | 914 pages |
| 942 ## - ADDED ENTRY ELEMENTS (KOHA) | |
| Koha item type | Books |
| Withdrawn status | Lost status | Collection code | Permanent Location | Current Location | Shelving location | Date acquired | Full call number | Accession Number | Koha item type |
|---|---|---|---|---|---|---|---|---|---|
| | | Islamic Studies | MAJU | MAJU | Shelf No.A-9 | 2024-02-14 | 297 | 10993 | Books |